000 01345nac a2200349 i 4500
003 EG-ScBUE
005 20250615093152.0
008 150827t1989 enka f b 001 0 eng d
020 _a0854810722
035 _a(OCoLC)ocm24910015
040 _aEG-ScBUE
_beng
_erda
_cEG-ScBUE
_dEG-ScBUE
041 1 _aeng
_hara
082 0 4 _a535.09021
_bOPT
_222
245 0 4 _aThe optics of Ibn al-Haytham :
_bbooks I-III on direct vision /
_ctranslated with introduction and commentary by A.I. Sabra, Harvard University.
246 3 0 _aOn direct vision
246 3 0 _aIbn al-Haytham, optics
246 3 0 _aManazir
264 1 _aLondon :
_bWarburg Institute :
_bUniversity of London,
_c1989.
300 _a2 volumes :
_billustrations ;
_c26 cm.
336 _2rdacontent
_atext
_btxt
337 _aunmediated
_2rdamedia
_bn
338 _avolume
_bnc
_2rdacarrier
490 0 _aStudies of the Warburg Institute ;
_vvol 40
504 _aIncludes bibliographical references and indexes.
505 0 _aVolume1. Translation -- Volume 2. Introduction, commentary, glossaries, concordance, indices.
546 _aText in English ; translated from the original Arabic language.
650 7 _aOptics
_vEarly works to 1800.
_2BUEsh
653 _bPPhrm
_bNNUR
_cAugust2015
655 _vReading book
700 1 _aSabra, A. I.
_etranslator.
_96647
942 _cBB
_2ddc
999 _c3926
_d3926